Statistiques concernant Cliquez sur l'animal manquant - Paroles de Jésus

Cliquez ici pour prendre le quiz!

Statistiques générales

  • Ce quiz a été pris 45 fois
  • Le résultat moyen est 7 sur 20

Statistiques - réponses

HintRéponse% Correct
Si l’un de vous a cent ___ et qu’il en perd une, n’abandonne-t-il pas les quatre-vingt-dix-neuf autres dans le désert pour aller chercher celle qui est perdue, jusqu’à ce qu’il la retrouve ?
Brebis
80%
Jérusalem, Jérusalem, toi qui tues les prophètes et qui lapides ceux qui te sont envoyés, combien de fois ai-je voulu rassembler tes enfants comme la ___ rassemble ses poussins sous ses ailes, et vous n’avez pas voulu !
Poule
74%
Je te le déclare, Pierre : le ___ ne chantera pas aujourd’hui avant que toi, par trois fois, tu aies nié me connaîtreCoq
66%
Méfiez-vous des faux prophètes qui viennent à vous déguisés en brebis, alors qu’au-dedans ce sont des ___ voraces.
Loup
57%
Les ___ ont des terriers, les oiseaux du ciel ont des nids ; mais le Fils de l’homme n’a pas d’endroit où reposer la tête
Renard
57%
Engeance de ___ ! comment pouvez-vous dire des paroles bonnes, vous qui êtes mauvais ? Car ce que dit la bouche, c’est ce qui déborde du cœur.
Vipère
46%
Il est plus facile à un ___ de passer par un trou d’aiguille qu’à un riche d’entrer dans le royaume des Cieux.
Chameau
40%
Voici que je vous ai donné le pouvoir d’écraser serpents et ___, et sur toute la puissance de l’Ennemi : absolument rien ne pourra vous nuire.Scorpion
40%
Là où sera le corps, là aussi se rassembleront les ___
Vautour
37%
Toutes les nations seront rassemblées devant lui ; il séparera les hommes les uns des autres, comme le berger sépare les brebis des ___
Bouc
34%
Celui qui est un scandale, une occasion de chute, pour un seul de ces petits qui croient en moi, mieux vaudrait pour lui qu’on lui attache au cou une de ces meules que tournent les ___, et qu’on le jette à la mer.Âne
29%
Ne donnez pas aux ___ ce qui est sacré ; ne jetez pas vos perles aux pourceaux, de peur qu’ils ne les piétinent, puis se retournent pour vous déchirerChien
26%
Voici que moi, je vous envoie comme des brebis au milieu des loups. Soyez donc prudents comme les serpents, et candides comme les ___
Colombe
26%
Ne vous faites pas de trésors sur la terre, là où les ___ et les vers les dévorent, où les voleurs percent les murs pour voler.Mite
26%
Est-ce que l’on ne vend pas cinq ___ pour deux sous ? Or pas un seul n’est oublié au regard de Dieu.
À plus forte raison les cheveux de votre tête sont tous comptés. Soyez sans crainte : vous valez plus qu’une multitude de ___
Moineau
23%
Si l’un de vous a un fils ou un ___ qui tombe dans un puits, ne va-t-il pas aussitôt l’en retirer, même le jour du sabbat ?Bœuf
20%
Guides aveugles ! Vous filtrez le ___, et vous avalez le chameau !Moucheron
20%
Quel père parmi vous, quand son fils lui demande un ___, lui donnera un serpent au lieu du ___ ?
Poisson
14%
De même que le ___ de bronze fut élevé par Moïse dans le désert, ainsi faut-il que le Fils de l’homme soit élevé
Serpent
11%
Mieux vaut pour toi entrer borgne dans le royaume de Dieu que de t’en aller dans la géhenne avec tes deux yeux, là où le ___ ne meurt pas et où le feu ne s’éteint pas.Ver
9%

Distribution des résultats

Percentile par nombre de réponses

% des personnes avec chaque résultat

Votre développement - résultats

Vous n’avez pas pris ce quiz